000 01188nam a2200253Ia 4500
003 Ost
005 20260507075612.0
008 260507s9999||||xx |||||||||||||| ||und||
020 _a9957020188
040 _cfsecg
041 _aara
082 _a338.7
100 _aجاسم عبد الله، عقيل
_eمؤلف
245 0 _aتقييم المشروعات :
_bإطار نظري وتطبيقي /
_c عقيل جاسم عبد الله
250 _aطبعة 2
260 _aعمان:
_bدار مجدلاوي للنشر,
_c1999
300 _a284 صفحة؛
_bإيضاحات ؛
_c24 سم
504 _a المراجع ص.279
520 _aأشكال وقرارات الاستثمار، الدراسة التمهيدية للجدوى، دراسات الجدوى الفنية للمشروعات الجديدية، دراسة حالة علمية، تقييم الكفاءة، الأداء الاقتصادي في المنشآت الانتاجية، حالة تطبيقية باستخدام معايير تقييم كفاءة الأداء الاقتصادي
653 _aالاستثمار
653 _aالمشروعات
653 _aدراسة الجدوى
942 _cكتاب
999 _c45082
_d45082